000 00278nam a22001097a 4500
008 230619b xxu||||| |||| 00| 0 eng d
082 _a300.
_bHUN
245 _aEast African Background
260 _aLondon
_bLongmans, Green and Co Ltd
_c1945
300 _aVII,124p
942 _2ddc
_cBK
999 _c1322
_d1322